000 00281nam a22000857a 4500
008 160912b xxu||||| |||| 00| 0 eng d
100 _9377
_aJerath, S
245 _aTogether With Hands-on Grammar English Work Book - 1 (Teacher's Copy)
260 _aNew Delhi
_bRachna Sagar publication
_c2008
999 _c3036
_d3036